1709 1516 1173 1217 1247 1326 1641 1798 1132 1569 1414 1132 1025 1590 1985 1215 1598 1019 1343 1760 1757 1174 1400 1886 1870 1542 1219 1880 1662 1442 1499 1340 1388 1869 1597 1323 1715 1752 1471 1646 1093 1623 1863 1557 1973 1171 1656 1569 1872 1776 1066 1823 1598 1896 1212 1408 1730 1618 1534 1117 1172 1979 1801 1872 1986 1140 1748 1833 1538 1414 1269 1055 1854 1592 1848 1895 1998 1849 1421 1470 1368 1457 1574 1462 1017 1862 1699 1286 1590 1941 1587 1457 1709 1381 1025 1535 1461 1510 1282 BCNSPRNW ULIB Ver.6.0+V

เปลี่ยนเป็นภาษาไทย

Change to English
 แสดงรายละเอียดบรรณานุกรม
  กลับหน้าหลัก

Brief Record : Get Marc (ISO 2709) : E-mail record : QR code < ปิดหน้าต่าง
LEADER : 00000nam 2200000uu 4500
001    13399112709
003     ULIB
008    110905s2543||||th 000 0 tha d
020    9743467823
050  4 LB3^bท125ก ล.2 2543
111 2  การประชุมระดับชาติ"บัณฑิตอุดมคติไทย"^n(ครั้งที่ 4 :^d2543:^cทบวงมหาวิทยาลัย)
245 10 กระบวนการผูกพันธมิตรวิชาชีพ2 ในการประชุมระดับชาติครั้งที 4"บัณฑิตอุดมคติไทย" ระหว่างวันที่ 14-17 พฤศจิกายน 2543 ณ อาคารเฉลิมพระบารมี 50 ปี /^cจัดโดย ทบวงมหาวิทยาลัย โครงการพัฒนาบัณฑิตอุดมคติไทย สำนักมาตรฐานอุดมศึกษา สำนักงานปลัดทบวงมหาวิทยาลัย
246 30 บัณฑิตอุดมคติไทย
260    กรุงเทพฯ :^bโครงการพัฒนาบัณฑิตอุดมคติไทย,สำนักมาตรฐานอุดมศึกษา สำนักงานปลัดทบวง,^c2543
300    2 ล. ;^c26 ซม.
650  4 สถาบันอุดมศึกษา^zไทย^vการประชุม
650  4 อาจารย์มหาวิทยาลัย^vการประชุม
710 2  ทบวงมหาวิทยาลัย. ^bสำนักมาตรฐานอุดมศึกษา.^bโครงการพัฒนาบัณฑิตอุดมศึกษา
945    ^p0^l0^i013483
945    ^p0^l0^i015486
995    ทศพร
999 ^a ทศพร
รายการนี้ยังไม่มีแท็ก
คุณยังไม่ได้ล็อกอิน คุณสามารถมีกิจกรรมร่วมกับเว็บไซต์ได้ แต่ต้องล็อกอินก่อน ::
  ล็อกอิน

รายการสื่อสารสนเทศ

ลำดับที่ ประเภท เลขเรียก/บาร์โค้ด สถานที่ สถานะ
- ไม่พบข้อมูล -

BibComment


ยังไม่เคยถูกคอมเมนท์

คอมเมนท์ทรัพยากรรายการนี้
  คอมเมนท์: กระบวนการผูกพันธม..


 Copyright 2026. Bcnsprnw @Library